|
|
|
|
| LEADER |
02524nam a2200541 a 4500 |
| 001 |
nkc20142612225 |
| 003 |
CZ PrNK |
| 005 |
20250515130945.0 |
| 007 |
ta |
| 008 |
140806s2014 xr ab f m 000 0 eng |
| 015 |
|
|
|a cnb002612225
|
| 020 |
|
|
|a 978-80-87437-94-0
|q (brož.)
|
| 035 |
|
|
|a (OCoLC)897868860
|
| 040 |
|
|
|a BOA001
|b cze
|
| 041 |
0 |
|
|a eng
|b cze
|b eng
|
| 072 |
|
7 |
|a 639.2/.6
|x Rybářství
|2 Konspekt
|9 24
|
| 080 |
|
|
|a 597.423.2
|2 MRF
|
| 080 |
|
|
|a 639.3
|2 MRF
|
| 080 |
|
|
|a 591.15
|2 MRF
|
| 080 |
|
|
|a (043.3)378.245
|2 MRF
|
| 080 |
|
|
|a (048.3)
|2 MRF
|
| 100 |
1 |
|
|a Bytyutskyy, Dmytro,
|d 1987-
|7 mzk2014847700
|4 dis
|
| 245 |
1 |
0 |
|a Interrelationships between ploidy level, genome size and cell size in series of ploidy level models from 2n to 14n fish =
|b Vztahy mezi úrovní ploidie, velikostí genomu a velikostí buňky v sérii modelů ryb ploidní úrovně od 2n do 14n : [Ph.D. thesis] /
|c Dmytro Bytyutskyy
|
| 246 |
3 |
1 |
|a Vztahy mezi úrovní ploidie, velikostí genomu a velikostí buňky v sérii modelů ryb ploidní úrovně od 2n do 14n
|
| 260 |
|
|
|a Vodňany :
|b Faculty of Fisheries and Protection of Waters, University of South Bohemia in České Budějovice,
|c 2014
|
| 300 |
|
|
|a 78 s. :
|b il., 1 mapa ;
|c 24 cm
|
| 500 |
|
|
|a Zkrácená verze disertace (Ph.D.)--Jihočeská univerzita v Českých Budějovicích, Fakulta rybářství a ochrany vod, 2014
|
| 504 |
|
|
|a Obsahuje bibliografie
|
| 546 |
|
|
|a Anglické a české resumé
|
| 650 |
0 |
7 |
|a jeseterovití
|7 ph631050
|2 czenas
|
| 650 |
0 |
7 |
|a chov ryb
|7 ph134819
|2 czenas
|
| 650 |
0 |
7 |
|a genetika živočichů
|7 ph114610
|2 czenas
|
| 650 |
0 |
9 |
|a Acipenseridae
|2 eczenas
|
| 650 |
0 |
9 |
|a fish keeping
|2 eczenas
|
| 650 |
0 |
9 |
|a animal genetics
|2 eczenas
|
| 655 |
|
7 |
|a doktorské disertace
|7 fd186751
|2 czenas
|
| 655 |
|
7 |
|a teze
|7 fd133701
|2 czenas
|
| 655 |
|
9 |
|a higher doctoral dissertations
|2 eczenas
|
| 655 |
|
9 |
|a abstracts
|2 eczenas
|
| 710 |
2 |
|
|a Jihočeská univerzita.
|b Fakulta rybářství a ochrany vod
|7 ko2010583058
|
| 910 |
2 |
|
|a BOA001
|b 2-1334.808
|
| 928 |
9 |
|
|a Jihočeská univerzita v Českých Budějovicích, Fakulta rybářství a ochrany vod
|
| 990 |
|
|
|a BK
|
| 995 |
|
|
|a 01
|
| 991 |
|
|
|b 201411
|c NOV
|e n
|
| 996 |
6 |
|
|b 2610611055
|c 2-1334.808
|l MZK
|r Sklad / do 1 hodiny
|n 0
|p p.v.
|w 001468175
|u 000010
|a 1
|e BOA001
|j MZK50
|s P
|
| 996 |
7 |
|
|b 2610614288
|c 2-1334.808
|l MZK
|r Sklad / do 1 hodiny
|n 0
|p kup
|w 001468175
|u 000020
|a 1
|e BOA001
|j MZK50
|s A
|
| 996 |
7 |
|
|b 2610614289
|c 2-1334.808
|l MZK
|r Sklad / do 1 hodiny
|n 0
|p kup
|w 001468175
|u 000030
|a 1
|e BOA001
|j MZK50
|s A
|